000 00639nam a2200277Ia 4500
005 20260324142944.0
008 008 260324s9999 xx 000 0 eng d
020 _a9780203419069
037 _aEBOOK
040 _aCRL
040 _beng
040 _cCRL
041 _2eng
041 _aeng
084 _qCRL
100 _aProf E C Wragg; E. C. Wragg
_91213857
245 0 _aPrimary Teaching Skills
260 _bTaylor and Francis
260 _c1993
365 _a
365 _b325
856 _uhttp://www.taylorfrancis.com/books/9780203419069
942 _cEBOOK
999 _c1818671
_d1818671